01655nam a2200205Ia 4500008004100000020001500041050002400056100003500080240010200115245013900217260003800356300003600394500010700430505073300537650005601270650002501326650002801351650002601379700004401405120625s2005 mx r 001 0 spa d a9701049829 4aQA76.9.O35 bS33181 aSchach, Stephen R. e , autor 10aIntroduction to Object-Oriented Analysis and Design with UML and the United Process. lEspañol 10aAnálisis y diseño orientado a objetos con UML y el proceso unificado n / Stephen R. Schach ; traducción Lorena Peralta Rosales  aMéxicob : McGraw-Hillc , 2005 axxi, 458 páginas c ; 24 cm.  aTítulo original: Introduction to Object-Oriented Analysis and Design with UML and the United Process0 aIntroducción al UML y el proceso unificado Introducción a los sistemas de información Cómo se desarrollan los sistemas de información El paradigma orientado a objetos, UML y el proceso unificado UML y el proceso unificado El workflow de los requisitos El workflow del análisis orientado a objetos El workflow y las fases del proceso unificado Más sobre UML Temas de gran importancia en el análisis y diseño de sistemas CASE Equipos Pruebas Temas de administración Planeación y estimación Mantenimiento Diseño de la interfaz de usuario Introducción a los sistemas de infomración basados en la Web Introducción a los sistemas de administración de bases de datos Temas técnicos  4aPROGRAMACIÓN ORIENTADA A OBJETOS (COMPUTACIÓN)  4aUML (COMPUTACIÓN)  4aANÁLISIS DE SISTEMAS  4aDISEÑO DE SISTEMAS 1 aPeralta Rosales, Lorena e , traductor